| 000 | 01930nam2a2200313 4500 | ||
|---|---|---|---|
| 001 | rc\2937575 | ||
| 005 | 20260405155531.0 | ||
| 035 | _a(NLR Aleph) 007086604 | ||
| 090 |
_a13598820 _c13598820 |
||
| 100 | _a20110823d1940 u y0rusy50 ca | ||
| 101 | 0 | _arus | |
| 102 | _aRU | ||
| 105 | _aa z ||||| | ||
| 200 | 1 |
_aПроектирование вагонов _fПод ред. д-ра техн. наук проф. А.А. Попова |
|
| 210 | _d1940 | ||
| 215 |
_a372 с. _cчерт. |
||
| 300 | _aВ сост. принимали участие: доц. Н.Н. Рыкалин, инж.-аспирант Л.Н. Никольский, доц. А.М. Тимашев, доц. П.Н. Афанасьев | ||
| 461 | 0 |
_1001rc\2937574 _12001#$aРасчет и конструирование вагонов$eУтв. ВКВШ при СНК СССР в качестве учебника для машиностроит. втузов$fд-р техн. наук проф. М.А. Короткевич$vЧ. 2 _1700#1$aКороткевич$bМ.А.$gМихаил Алексеевич$f1879- _96531134 _aКороткевич, М.А. (1879-) _cМосква _d1940 _fд-р техн. наук проф. М.А. Короткевич _nМашгиз _oУтв. ВКВШ при СНК СССР в качестве учебника для машиностроит. втузов _tРасчет и конструирование вагонов _vЧ. 2 |
|
| 702 | 1 |
_4340 _8rus _7ca _aПопов _bА. А. _cд-р техн. наук, строит. механика _f1905-1966 _gАлексей Александрович _3RU\NLR\AUTH\7766311 _949239 |
|
| 702 | 1 |
_aРыкалин _bН.Н. _4220 |
|
| 702 | 1 |
_aНикольский _bЛ.Н. _4220 |
|
| 702 | 1 |
_aТимашев _bА.М. _4220 |
|
| 702 | 1 |
_aАфанасьев _bП.Н. _4220 |
|
| 801 | 0 |
_aRU _bNLR _gpsbo |
|
| 801 | 1 |
_aRU _bELAR _2rusmarc |
|
| 852 |
_aNLR _j39-18/87(2) |
||
| 942 | _cUNSPEC | ||
| 980 | _aNB | ||